LIBRARY ONLINE CATALOGUE

Encountering religious pluralism : (Record no. 21469)

MARC details
000 -LEADER
fixed length control field 01333cam a22003734a 4500
001 - CONTROL NUMBER
control field 12388954
003 - CONTROL NUMBER IDENTIFIER
control field OSt
005 - DATE AND TIME OF LATEST TRANSACTION
control field 20260316142955.0
008 - FIXED-LENGTH DATA ELEMENTS--GENERAL INFORMATION
fixed length control field 010424s2001 ilu b 001 0 eng
010 ## - LIBRARY OF CONGRESS CONTROL NUMBER
LC control number 2001024840
020 ## - INTERNATIONAL STANDARD BOOK NUMBER
International Standard Book Number 083081552X
Qualifying information pbk. : alk. paper
020 ## - INTERNATIONAL STANDARD BOOK NUMBER
International Standard Book Number 0851114881
Qualifying information UK
020 ## - INTERNATIONAL STANDARD BOOK NUMBER
International Standard Book Number 9780851114880
Qualifying information (UK)
035 ## - SYSTEM CONTROL NUMBER
System control number 12388954
040 ## - CATALOGING SOURCE
Original cataloging agency DLC
Transcribing agency DLC
Modifying agency DLC
042 ## - AUTHENTICATION CODE
Authentication code pcc
050 00 - LIBRARY OF CONGRESS CALL NUMBER
Classification number BT83.85
Item number .N48 2001
082 00 - DEWEY DECIMAL CLASSIFICATION NUMBER
Classification number 261.2
Edition number 21
100 1# - MAIN ENTRY--PERSONAL NAME
Personal name Netland, Harold A.,
Dates associated with a name 1955-
245 10 - TITLE STATEMENT
Title Encountering religious pluralism :
Remainder of title the challenge to Christian faith & mission /
Statement of responsibility, etc. Harold Netland.
260 ## - PUBLICATION, DISTRIBUTION, ETC. (IMPRINT)
Place of publication, distribution, etc. Downers Grove, Ill. :
Name of publisher, distributor, etc. InterVarsity Press,
Date of publication, distribution, etc. c2001.
300 ## - PHYSICAL DESCRIPTION
Extent 368 p. ;
Dimensions 23 cm.
336 ## - CONTENT TYPE
Content type term text
Content type code txt
Source rdacontent
337 ## - MEDIA TYPE
Media type term unmediated
Media type code n
Source rdamedia
338 ## - CARRIER TYPE
Carrier type term volume
Carrier type code nc
Source rdacarrier
504 ## - BIBLIOGRAPHY, ETC. NOTE
Bibliography, etc Includes bibliographical references (p. [349]-362) and index.
600 10 - SUBJECT ADDED ENTRY--PERSONAL NAME
Personal name Hick, John,
Dates associated with a name 1922-2012.
650 #0 - SUBJECT ADDED ENTRY--TOPICAL TERM
Topical term or geographic name as entry element Theology of religions (Christian theology)
650 #0 - SUBJECT ADDED ENTRY--TOPICAL TERM
Topical term or geographic name as entry element Evangelicalism.
906 ## - LOCAL DATA ELEMENT F, LDF (RLIN)
a 7
b cbc
c orignew
d 1
e ocip
f 20
g y-gencatlg
942 ## - ADDED ENTRY ELEMENTS (KOHA)
Source of classification or shelving scheme Library of Congress Classification
Koha item type General Collection
Holdings
Withdrawn status Lost status Source of classification or shelving scheme Not for loan Home library Current library Shelving location Date acquired Source of acquisition Inventory number Total Checkouts Full call number Barcode Date last seen Copy number Price effective from Koha item type
    Library of Congress Classification   Kabarak, Main Campus Kabarak, Main Campus General Stacks 16/03/2026 Donation 2025/3424   BT83.85 .N48 2001 C.1 38495 16/03/2026 C.1 16/03/2026 General Collection